MDQL
is popping MORE tags! Check the
thread
!
Quizzes
Events
Quiz Creation
Community
Videos
Private Events
Remove Ads
Sign In
Join for FREE
Feedback
Dark Mode
Quiz Categories
Sports
Geography
Music
Movies
Television
Just For Fun
Miscellaneous
History
Literature
Language
Science
Gaming
Entertainment
Religion
Holiday
For Kids
Quiz Lab
Recent
Popular Today
Quiz Kudos Today
Editor Picks
Curator Picks
Quizzes by...
Day
Popularity
Type
Ratings
Length
Year
Community
Subscriptions
Recent Discussions
Orange Saloon
Badges
Playlists
Quests
Create
Leaderboards
Showdown
Live 5
Trivia Bingo
Activity
Puzzle Library
Sporcle Events
Private Events
Virtual Trivia
Globe League
Become a Host
Pub Owners
SporcleCon
Opinionation
Our Games
Videos
Blog
Mobile Apps
Partnerships
Remove Ads and Go Orange
Feedback
Movies
Disney
Marvel Cinematic Universe
Movie Resume
Movie Titles
Oscar
Actor
Actress
Director
Pixar
Role
Movie Quotes
Movie Characters
Box Office
Nominee
Best Picture
Star Wars
James Bond
Horror Movies
Movies
Disney
Marvel Cinematic Universe
Movie Resume
Movie Titles
Oscar
Actor
Actress
Director
Pixar
Role
Movie Quotes
Movie Characters
Box Office
Nominee
Best Picture
Star Wars
James Bond
Horror Movies
Random Quiz
Search Sporcle
×
Quiz Lab
Quiz Lab
Movies
Actress
Select answers by clicking on text or image buttons
Select answers by clicking on text or image buttons
Clickable
Best Score? Go Orange.
Second billed actor in Robert De Niro movies Stats
Can you match the second billed actor in Robert DeNiro movies?
By
NNHLaw
4m
25 Questions
295 Plays
295 Plays
295 Plays
Comments
Comments
Give Quiz Kudos
Give Quiz Kudos
-
- Ratings
hide this ad
More Info
Replay
Link that replays current quiz
Next Quiz
Link to next quiz in quiz playlist
You Got
0%
They Got
Avg Score
76%
Avg Friend Score
Upgrade to see
Score Distribution
Jump to the score distribution portion of the page
Score
0/25
Timer
04:00
0
Plays Today
% Correct
Ben Stiller
98.6%
Ray Liotta
97.3%
Billy Crystal
96.6%
Sharon Stone
95.3%
Jennifer Lawrence
92.9%
Robert Duvall
90.5%
Robin Williams
90.5%
Nick Nolte
89.8%
Samuel L. Jackson
88.8%
Chazz Palminteri
85.4%
Cuba Gooding, Jr
82.7%
John Cazale
81.4%
Cathy Moriarty
80.7%
% Correct
William Baldwin
76.9%
Jean Reno
75.6%
Harvey Keitel
73.2%
Dakota Fanning
69.2%
Gwyneth Paltrow
68.8%
Jason Alexander
67.8%
Billy Crudup
67.1%
Zac Efron
64.2%
Edward Burns
60.6%
Frances McDormand
59.3%
Drew Barrymore
57.5%
Rachael Harris
46.5%
Quiz Playlist
Details
Report
Send in Message
Add To Playlist
More Info:
Billing is according to www.imdb.com
Clickable:
Select answers by clicking on text or image buttons
Quiz Source
Last Updated: Feb 16, 2017
Quiz Scoreboard
CHALLENGE
Sign Up to Join the Scoreboard
Show All
Scores
Hide
Comments
May contain spoilers
Recently Published
5x2 Blitz: Bands
by SL_Kpop136
Music
30s
Colored Red Africa Blitz
by spor1
Geography
30s
Find the 'City' Movie
by crazypaving
Movies
60s
More to Explore
Quiz From the Vault
Featured Blog Post
14 Easter Pick-up Lines to Find Eggs With
hide this ad
You Might Also Like...
Tags
Actor Quiz
Actress Quiz
co-actor
imdb
Movie Stars
Robert De Niro
Today's Top Quizzes in Movies
Browse Movies
hide this ad
Today's Top Quizzes in Actress
Browse Actress
Top Contributed Quizzes in Movies
1
Find The 'Big' Movie
2
Find The 'Blue' Movie
3
Find The 'Wild' Movie
4
Hidden Star Wars Character II
5
Pick 5 Posters: Directed by Spielberg
6
Hidden Star Wars Character III
7
Hidden Star Wars Character IV
8
Movies By Plot
9
Alfred Hitchcock Movies by Plot
10
Hidden Star Wars Character V
Explore More
Trending Topics
Kpop
Disney
NBA
Crossword
Harry Potter
Anime
Marvel
The Office
Pokémon
Puzzle
Soccer
WWE
NFL
Song
Country
hide this ad
More By:
NNHLaw
Quiz
Plays
Rating
Category
Featured
Created
TV Show Mugs
42,111
3.99
Television
May 8, 2015
Match the infamous killer
1,181
4.75
History
May 6, 2015
One Fish Two Fish Red Fish Blue Fish - follow the line
848
4.81
Literature
Oct 6, 2016
The Top 25 TV Chefs?
759
4.45
Television
Apr 7, 2017
Countries with most convicted serial killers
484
4.57
Geography
May 5, 2015
Go to Creator's Profile
Score Distribution
Quiz Creator Spotlight
NNHLaw
Follow
Send a Message
Quizzes Created
-
Created Quiz Play Count
-
More By This Creator
Popular Quizzes Today
1
Find the 'City' Movie
2
5x2 Blitz: Bands
3
Colored Red Africa Blitz
4
The Countries of the World
5
Find the US States - No Outlines Minefield
6
Find the US States
7
9x9 Crossword: Cartoon Network
8
US States
More Movies Quizzes
Sporcle Best Actresses
Curator's Pick
Trending Quizzes
Colored Red Africa Blitz II
Colored Red Europe Blitz I
Colored Red Africa Blitz III
Colored Red Europe Blitz II
Colored Red Europe Blitz III
Recently Updated
Champions League XIs: Real Madrid
pecheneg
Largest US Cities 1790-2010
pecheneg
Rides in Walt Disney World
pecheneg
Most Oscar Losses (Acting)
pecheneg
Beyoncé Albums
pecheneg
Leaping Animals
pecheneg
Reality TV Shows (A-Z)
bhenderson79
Rickey Henderson's Hall of Fame Teammates
pecheneg
Champions League XIs: Arsenal
pecheneg
Quick Pick: Celebrities in WWE's Hall of Fame
aduchscher
Trending Topics
NBA
Crossword
Disney
Kpop
Anime
Marvel
Harry Potter
NFL
Puzzle
Country
Song
Soccer
WWE
Pokémon
The Office
Your Account Isn't Verified!
In order to create a playlist on Sporcle, you need to verify the email address you used during registration. Go to your
Sporcle Settings
to finish the process.
Report this User
Report this user for behavior that violates our
Community Guidelines
.
Details:
Send Report
Go to the Sporcle.com Mobile Site →
Comments